Pastel Workbook (Record no. 240055)

MARC details
000 -LEADER
fixed length control field 00303pam a2200133 a 4500
020 ## - INTERNATIONAL STANDARD BOOK NUMBER
Terms of availability
041 ## - LANGUAGE CODE
Language code of original
082 ## - DEWEY DECIMAL CLASSIFICATION NUMBER
Classification number 741.235
Item number SIM
100 ## - MAIN ENTRY--PERSONAL NAME
Personal name Jackie Simmonds.
245 ## - TITLE STATEMENT
Title Pastel Workbook
Medium Textual Documents
260 ## - PUBLICATION, DISTRIBUTION, ETC.
Place of publication, distribution, etc. [s.l]:
Name of publisher, distributor, etc. Paperback edition,
Date of publication, distribution, etc. 2007.
300 ## - PHYSICAL DESCRIPTION
Extent 127:
Other physical details Hard.
930 ## - EQUIVALENCE OR CROSS-REFERENCE-UNIFORM TITLE HEADING [LOCAL, CANADA]
Uniform title 6265
Holdings
Withdrawn status Lost status Damaged status Not for loan Collection Home library Current library Date acquired Source of acquisition Cost, normal purchase price Total Checkouts Full call number Barcode Date last seen Copy number Price effective from Koha item type
          College of Fine Arts, Pune College of Fine Arts, Pune 08/10/2011 Bhararti Sahakari Grahak Bhandar 700.00   741.235 SIM FAP-6624 07/03/2023 1 07/03/2023 Book